书目信息 |
| 题名: |
天然药物学
|
|
| 作者: | 艾继周 主编 | |
| 分册: | ||
| 出版信息: | 北京 人民卫生出版社 2013.8 |
|
| 页数: | 21,343页 | |
| 开本: | 26cm | |
| 丛书名: | ||
| 单 册: | ||
| 中图分类: | R93 | |
| 科图分类: | ||
| 主题词: | 生药学--高等职业教育--教材 , 生药学 | |
| 电子资源: | ||
| ISBN: | 978-7-117-17424-4 | |
| 000 | 00999nam0 2200289 450 | |
| 001 | 0400004805 | |
| 005 | 20171026152104.98 | |
| 010 | @a978-7-117-17424-4@dCNY72.00 | |
| 090 | @aR93@bajz | |
| 100 | @a20140429e20162013em y0chiy50 ea | |
| 101 | 0 | @achi |
| 102 | @aCN@b110000 | |
| 105 | @aa z 000yy | |
| 106 | @ar | |
| 200 | 1 | @a天然药物学@9tian ran yao wu xue@f艾继周主编 |
| 205 | @a第2版 | |
| 210 | @a北京@c人民卫生出版社@d2013.8@h2016.12 | |
| 215 | @a21,343页@c彩图@d26cm@e1光盘 | |
| 300 | @a全国高职高专药品类专业国家卫生和计划生育委员会“十二五”规划教材 供药学专业用 | |
| 307 | @a附光盘:ISBN 978-7-89456-504-4 | |
| 330 | @a本书共分十三章,内容包括:药用植物学基础知识、天然药物的质量保证、根及根茎类药材、茎木类药材、叶类药材、果实与种子类药材、全草类药材、动物类药材、矿物类药材等。 | |
| 606 | 0 | @a生药学@x高等职业教育@j教材 |
| 606 | 0 | @a生药学 |
| 690 | @aR93@v5 | |
| 701 | 0 | @a艾继周@9ai ji zhou@4主编 |
| 801 | 0 | @aCN@bNLC@c20171025 |
| 905 | @b1039430-4@dR93@f5@e133=2 | |
| 天然药物学/艾继周主编.-第2版.-北京:人民卫生出版社,2013.8(2016.12) |
| 21,343页:彩图;26cm+1光盘 |
| 全国高职高专药品类专业国家卫生和计划生育委员会“十二五”规划教材 供药学专业用 |
| ISBN 978-7-117-17424-4:CNY72.00 |
| 本书共分十三章,内容包括:药用植物学基础知识、天然药物的质量保证、根及根茎类药材、茎木类药材、叶类药材、果实与种子类药材、全草类药材、动物类药材、矿物类药材等。 |
| ● |
| 相关链接 |
|
|
|
|
正题名:天然药物学
索取号:R93/133=2
 
预约/预借
| 序号 | 登录号 | 条形码 | 馆藏地/架位号 | 状态 | 备注 |
| 1 | 1039430 | 210394303 | 第二样本阅览室/ [索取号:R93/133=2] | 在馆 | |
| 2 | 1039431 | 210394312 | 密集书库-生命科学系/ [索取号:R93/133=2] | 在馆 | |
| 3 | 1039432 | 210394321 | 第三借阅区/ [索取号:R93/133=2] | 在馆 | |
| 4 | 1039433 | 210394330 | 第三借阅区/ [索取号:R93/133=2] | 在馆 | |
| 5 | 1039434 | 210394349 | 第三借阅区/ [索取号:R93/133=2] | 在馆 |